LEADER 01367nam a2200289 4500 001 000000351511 003 CaOOAMICUS 005 20221010114912.0 008 220909s2022 it 000 u ita r 020 $a978-88-6099-491-2 040 $aSeMil$bita 100 1 $aGamberini, Paolo,$c.$0(OLS)http://semarc/name/21834 245 10$aDeus duepuntozero :$bripensare la fede nel post-teismo /$cPaolo Gamberini ; prefazione di Riccardo Battocchio. 264 1$aS. Pietro in Cariano (Verona) :$bGabrielli,$c2022. 300 $a501 p. ;$c21 cm 490 1 $aReligioni. Ricerche teologiche 650 4$aFede e societą contemporanea.$0(OLS)http://semarc/subject/52813 650 4$aPost-Teismo.$0(OLS)http://semarc/subject/52812 700 1 $aBattocchio, Riccardo,$d<1962- >.$0(OLS)http://semarc/name/22429 830 0$aReligioni. Ricerche teologiche.$0(OLS)http://semarc/title/441302 850 $aSeMil 852 $aSeMil$W1$xVenegono$y1$m2D IV 289$j234747$B242706$CSeMilBibl$Z2$F242706 $81 961 $aBrambilla don Paolo - Omaggio 996 $6020$a978-88-6099-491-2$9(OLS)http://semarc/number/296655 996 $6245$aDeus duepuntozero :$bripensare la fede nel post-teismo$9(OLS)http://semarc/title/441301 996 $6264$aS. Pietro in Cariano (Verona) :$bGabrielli$9(OLS)http://semarc/publisher/46175 LEADER 00987nas a2200229 i 4500 001 000000243246 003 CaOOAMICUS 005 20150713000000.0 008 150623b2015 it uu u0 0ita r 013 $a222151 040 $aSeMil$bita 245 10$a[2014-2015]. 260 $aVarese :$bLiceo Ginnasio «Cairoli»,$cstampa 2015$e(Varese :$fLa Tipografica Varese ,$gstampa 2015) 300 $a352 p. :$bill. ;$c24 cm. 500 $aContiene : Liceo Classico Statale "E. Cairoli" [Anno Scolastico 2014-2015] ; Docenti Anno Scolastico 2014-2015 ; Foto delle classi. 773 0 $tQuaderni del Cairoli.$dVarese : Liceo Ginnasio «Cairoli», 1987$x2281-9436$w()2646 850 $aSeMil 852 $aSeMil$W1$xVenegono$y1$m27 6 59$j193592$B193592$CSeMilBibl$Z2$F204636 $85 941 1 $a6 961 $aOmaggio: Ghiringhelli prof. Livio 996 $6245$a[2014-2015]$9(OLS)http://semarc/title/327674 996 $6260$aVarese :$bLiceo Ginnasio «Cairoli»$9(OLS)http://semarc/publisher/30837